Bytový dom

Saved in:
Bibliographic Details
Main Author: Jandura, Roman, 1989- (Author)
Other Authors: Petro, Marek, 1982- (Thesis advisor)
Format: Manuscript Book
Language:Slovak
Published: Bratislava : STU v Bratislave SvF, 2014
Subjects:
Online Access:VAIS
https://opac.crzp.sk/?fn=detailBiblioForm&sid=9359D1AC2B33EC8F6680FFDC0F9A
Tags: Add Tag
No Tags, Be the first to tag this record!

MARC

LEADER 00000ntm a22000003a 4500
001 stu297184
005 20230907124444.3
008 140919s2014----xo------------------slo-d
040 |a STU  |b slo 
041 0 |a slo 
044 |a xo 
100 1 |a Jandura, Roman,  |d 1989-  |4 aut  |u V  |T SvF Stavebná fakulta  |X 59386  |U V  |Y 10  |7 A000059386 
245 1 |a Bytový dom 
260 |a Bratislava :  |b STU v Bratislave SvF,  |c 2014 
650 7 |a technológie a manažérstvo stavieb  |2 stusub 
700 1 |a Petro, Marek,  |d 1982-  |4 ths  |u V270  |U SvF Stavebná fakulta  |T SvF Katedra technológie stavieb  |X 18958  |U V270  |Y 28  |7 A000018958 
856 4 |a info a plný text  |u http://is.stuba.sk/zp/portal_zp.pl?podrobnosti=80393  |3 VAIS 
856 4 |a CRZP  |u https://opac.crzp.sk/?fn=detailBiblioForm&sid=9359D1AC2B33EC8F6680FFDC0F9A